CHP Genel Başkanı Deniz Baykal'ın '' Ulusal Egemenlik ve Çocuk Bayramı '' konuşması (Record no. 3923)

MARC details
000 -BAŞLIK
Sabit Uzunlukta Kontrol Alanı 01310na a2200361 4500
001 - KONTROL NUMARASI
Denetim Alanı 19285
003 - KONTROL NUMARASI IDENTIFIER
Denetim Alanı MIRAKIL
005 - SON İŞLEM TARİHİ VE ZAMANI
Denetim Alanı 20181213154947.0
008 - SABİT-BOY VERİ ELEMANLARI - GENEL BİLGİLER
Sabit Uzunlukta Kontrol Alanı 161213b tu 000 0
035 ## - SİSTEM KONTROL NUMARASI
Sistem Kontrol Numarası 19285
040 ## - KATALOGLAMA KAYNAK
Orijinal Kataloglama Ajansı Milas
Kataloglama Dili tur
Metne Dönüştürmek Ajansı TR-AnCHP
041 ## - DİL KODU
Metin / Ses Parça Veya Ayrı Başlığın Dil Kodu tur
082 ## - DEWEY ONLU SINIFLANDIRMA NUMARASI
Sınıflandırma Numarası CHP 324.2372092
Ürün Numarası B29c 2010
090 ## - SINIFLAMA NUMARASI
Sınıflama Numarası BROŞÜR 23
100 ## - ANA GİRİŞ - KİŞİSEL İSİM
Kişisel Ad Baykal, Deniz
222 ## - ANAHTAR ADI
Anahtar Başlık CHP Genel Başkanı Deniz Baykal'ın konuşmaları
245 ## - BAŞLIK TABLOSU
Başlık CHP Genel Başkanı Deniz Baykal'ın '' Ulusal Egemenlik ve Çocuk Bayramı '' konuşması
Başlığın Kalan (23 Nisan 2010 TBMM Genel Kurulu)
Sorumluluk Tablosu, Vb Deniz Baykal
246 ## - UNVAN FORM VARYING
Başlık Doğru / Kısa Başlığı CHP Genel Başkanı Deniz Baykal'ın 23 Nisan konuşması
246 ## - UNVAN FORM VARYING
Başlık Doğru / Kısa Başlığı (23 Nisan 2010 TBMM Genel Kurulu)
260 ## - YAYIN, DAĞITIM, VB
Yayın, Dağıtım, Vb Yeri Ankara
Yayıncı, Dağıtıcı, Vs Adı CHP
Yayın, Dağıtım, Vb Tarihi 2010
300 ## - FİZİKSEL TANIM
Kapsam 14 s.
Boyutlar 19 sm.
490 ## - SERİSİ TABLOSU
Seri Beyanı Cumhuriyet Halk Partisi yayınları
500 ## - GENEL NOT
Genel Not 25 kopya.
600 ## - KONU KATMA GİRİŞ - KURUMSAL ADI
Kişisel Ad Baykal, Deniz
Başlıklar Ve Bir Adla İlişkili Diğer Kelimeler CHP Genel Başkanı
Genel Alt Bölümü Konuşmalar, 2010
Kronolojik Alt Bölümü Ulusal Egemenlik ve Çocuk Bayramı
610 ## - KONU KATMA GİRİŞ - TOPLANTI ADI
Giriş Elemanı Olarak Kurumsal Ad Veya Yargı Alanı Adı CHP
Genel Alt Bölüm Söylev ve demeçler
Kronolojik Alt Bölüm Ulusal Egemenlik ve Çocuk Bayramı
-- Baykal dönemi
650 ## - KONU KATMA GİRİŞ - TOPİKAL DÖNEM
Topikal Süreli Veya Coğrafi Ad Giriş Elemanı CHP Genel başkanları
Genel Alt Bölümü Konuşmalar, 2010
Kronolojik Alt Bölümü Ulusal Egemenlik ve Çocuk Bayramı
710 ## - KATMA GİRİŞ - KURUMSAL ADI
Giriş Elemanı Olarak Kurumsal Ad Veya Yargı Alanı Adı CHP
711 ## - KATMA GİRİŞ - TOPLANTI ADI
Giriş Elemanı Olarak Toplantı Adı Veya Yargı Alanı Adı
830 ## - SERİSİ EKLENDİ GİRİŞ - ÜNİFORM ADI
Üniforma Başlık CHP yayınları
942 ## - EKLENDİ GİRİŞ ELEMANLARI (KOHA)
Sınıflandırma Veya Raf Düzeni Kaynak
Koha Öğesi Türü Books
999 ## - SİSTEM KONTROL NUMARALARI (KOHA)
Koha Biblionumber 3923
Koha Biblioitemnumber 3923
657 ## - INDEX SÜRE - İŞLEVİ
-- Deniz Baykalın konuşmaları
Holdings
Kullanım Kısıtlamaları Kalıcı Konum Mevcut Konum Edinme Tarihi Edinim Kaynak Kodlu Konum Eleme Toplam Check-Out'Lar Tam Çağrı Numarası Barkod Tarih Son Görülme Kopya Sayısı İtibaren Geçerli Fiyatlar Koha Öğesi Türü
Kütüphane dışına çıkarılamaz CHP Kütüphanesi CHP Kütüphanesi 12/13/2016 Bağış BROŞÜRLER   BROŞÜR 23 011089 12/13/2016 k.25 12/13/2016 Books